Los costes sociales de la empresa privada / (Record no. 188973)
[ view plain ]
| 000 -LEADER | |
|---|---|
| campo de control de longitud fija | 00785nam a2200229 i 4500 |
| 001 - NÚMERO DE CONTROL | |
| campo de control | 188973 |
| 003 - IDENTIFICADOR DE NÚMERO DE CONTROL | |
| campo de control | ES-MaACL |
| 005 - FECHA Y HORA DE LA ÚLTIMA TRANSACCIÓN | |
| campo de control | 20250824203229.0 |
| 007 - CAMPO FIJO DE DESCRIPCIÓN FÍSICA--INFORMACIÓN GENERAL | |
| campo de control de longitud fija | t| |
| 008 - DATOS DE LONGITUD FIJA--INFORMACIÓN GENERAL | |
| campo de control de longitud fija | 190307s1966 sp ||||1| spa d |
| 100 1# - ENTRADA PRINCIPAL--NOMBRE DE PERSONA | |
| Nombre de persona | Kapp, K. W. |
| 9 (RLIN) | 166565 |
| 245 14 - MENCIÓN DEL TÍTULO | |
| Título | Los costes sociales de la empresa privada / |
| Mención de responsabilidad, etc. | K. William Kapp ; [versión de Santiago Udina Abelló y Tomás Lamarca]. |
| 260 ## - PUBLICACIÓN, DISTRIBUCIÓN, ETC. | |
| Lugar de publicación, distribución, etc. | Barcelona : |
| Nombre del editor, distribuidor, etc. | Oikos-Tau, |
| Fecha de publicación, distribución, etc. | [1966] |
| 300 ## - DESCRIPCIÓN FÍSICA | |
| Extensión | 317 p. ; |
| Dimensiones | 21 cm. |
| 490 1# - MENCIÓN DE SERIE | |
| Mención de serie | Colección "Libros de Economía Oikos" ; |
| Designación de volumen o secuencia | 11 |
| 650 #4 - PUNTO DE ACCESO ADICIONAL DE MATERIA--TÉRMINO DE MATERIA | |
| Término de materia o nombre geográfico como elemento de entrada | Productividad. |
| 9 (RLIN) | 166566 |
| 700 0# - ENTRADA AGREGADA--NOMBRE PERSONAL | |
| Nombre de persona | Udina Abello, Santiago. |
| 9 (RLIN) | 111868 |
| 700 0# - ENTRADA AGREGADA--NOMBRE PERSONAL | |
| Nombre de persona | Lamarca, Tomás. |
| 9 (RLIN) | 69766 |
| 830 00 - PUNTO DE ACCESO ADICIONAL DE SERIE-TÍTULO UNIFORME | |
| Título uniforme | Colección "Libros de economía Oikos" |
| Designación de volumen o secuencia | 11 |
| 9 (RLIN) | 187436 |
| 852 ## - LOCALIZACIÓN | |
| Ubicación | ES-MaACL |
| Número de control de estantería | P-522-Ter-11 |
| Estatus retirado | Estado de pérdida | Estado de daño | No para préstamo | Biblioteca de origen | Biblioteca actual | Ubicación en estantería | Fecha de adquisición | Fuente de adquisición | Total de préstamos | Signatura topográfica completa | Código de barras | Visto por última vez | Precio de reemplazo | Tipo de ítem Koha |
|---|---|---|---|---|---|---|---|---|---|---|---|---|---|---|
| Biblioteca del Ateneo de Madrid | Biblioteca del Ateneo de Madrid | Depósito 2 | 07/03/2019 | P-522-Ter-11 | 1200123 | 23/02/2023 | 23/02/2023 | Libro impreso |
